| 000 | 00494nam a2200205Ia 4500 | ||
|---|---|---|---|
| 001 | 12378 | ||
| 003 | GE_BSU | ||
| 008 | 181216s||||||||xx |||||||||||||| ||und|| | ||
| 040 | _cGE_BSU | ||
| 080 | _a58(075.8) | ||
| 100 | _aТихомиров,Ф.К. | ||
| 245 | _aБотаника. | ||
| 245 | _cРед.Капышева В.С. | ||
| 260 | _aМосква | ||
| 260 | _bВысшая школа | ||
| 260 | _c1974 | ||
| 300 | _a396стр.22см. | ||
| 653 | _aБотаника. | ||
| 942 | _cBK | ||
| 999 |
_c45552 _d45552 |
||